PRACTICAL PHARMACOGOLOGY AND TOXICOLOGY (Record no. 5887)

MARC details
000 -LEADER
fixed length control field 00457nam a22001817a 4500
005 - DATE AND TIME OF LATEST TRANSACTION
control field 20240109113426.0
008 - FIXED-LENGTH DATA ELEMENTS--GENERAL INFORMATION
fixed length control field 190528b xxu||||| |||| 00| 0 eng d
020 ## - INTERNATIONAL STANDARD BOOK NUMBER
ISBN N 1259
041 ## - LANGUAGE CODE
Language code of text/sound track or separate title eng
082 ## - DEWEY DECIMAL CLASSIFICATION NUMBER
Classification number 615.1
Item number KAL-P
100 ## - MAIN ENTRY--AUTHOR NAME
Personal name KALE, S.R. AND KALE, R.R.
245 ## - TITLE STATEMENT
Title PRACTICAL PHARMACOGOLOGY AND TOXICOLOGY
250 ## - EDITION STATEMENT
Edition statement 11th, Ed, 2019
260 ## - PUBLICATION, DISTRIBUTION, ETC. (IMPRINT)
Place of publication PUNE
Name of publisher NIRALI PRAKASHAN
300 ## - PHYSICAL DESCRIPTION
Number of Pages 76p,
650 ## - SUBJECT ADDED ENTRY--TOPICAL TERM
Topical Term PHARMACY
General subdivision B.PHARMA
942 ## - ADDED ENTRY ELEMENTS (KOHA)
Koha item type Books
Holdings
Lost status Damaged status Collection code Home library Current library Shelving location Date acquired Source of acquisition Cost, normal purchase price Full call number Accession Number Koha item type
    PHARMACY JRU Library JRU Library Shelf - 27- B 28/05/2019 PURCHESS 40.00 615.1 22824 Books
    Reference JRU Library JRU Library SHELF-9-A 28/05/2019 PURCHESS 40.00 615.1 22825 Books
    PHARMACY JRU Library JRU Library Shelf - 27- B 28/05/2019 PURCHESS 40.00 615.1 22826 Books
    PHARMACY JRU Library JRU Library Shelf - 27- B 10/02/2022 PURCHASE 45.00 615.1 26270 Books
    PHARMACY JRU Library JRU Library Shelf - 27- B 10/02/2022 PURCHASE 45.00 615.1 26271 Books
    PHARMACY JRU Library JRU Library Shelf - 27- B 10/02/2022 PURCHASE 45.00 615.1 26272 Books
    PHARMACY JRU Library JRU Library Shelf - 27- B 10/02/2022 PURCHASE 45.00 615.1 26273 Books
    PHARMACY JRU Library JRU Library Shelf - 27- B 10/02/2022 PURCHASE 45.00 615.1 26274 Books